| 000 | 00494nam a22001697a 4500 | ||
|---|---|---|---|
| 999 |
_c11499 _d11499 |
||
| 003 | OSt | ||
| 005 | 20190404145604.0 | ||
| 008 | 181205b ||||| |||| 00| 0 eng d | ||
| 022 | _a | ||
| 082 | _aDPer 050 T48 Apr-June 2016 v. 187, n. 12-24 | ||
| 100 |
_932961 _aBiden, Joe |
||
| 245 |
_aPope Francis: _bthe standard bearer/ _cJoe Biden. |
||
| 260 |
_aHong Kong; _bTime Asia, _cc2016. |
||
| 300 |
_av187 n16-17, page 39: _billustrations; _c27 cm. |
||
| 650 | 0 |
_932962 _aPopes. |
|
| 942 |
_2ddc _cPER |
||